000 00846aam a2200337a 44500
008 160720s2012 cat
017 _aB-16066-2012
020 _a9788498835199
041 _acat
100 _aEstopà, R.
_967614
245 _aPetit diccionari de ciència
245 _cRosa Estopà (dir.)
260 _aBarcelona
260 _bPublicacions de l'Abadia de Montserrat
260 _c2012
300 _a120 p.
_bil.
500 _aCategoria gramatical
546 _acatalà
591 _a10588
592 _aObra terminològica
593 _aSXA8
594 _a10588
650 _aciència
_966953
650 _adiccionaris visuals
_960634
901 _c<2012>
902 _a160720
942 _cMO
_n0
999 _c66911
_d66911